| 000 | 00653nam a2200217 u 4500 | ||
|---|---|---|---|
| 005 | 20260318064011.0 | ||
| 008 | 091020s2007 bo r 000 0 spa d | ||
| 020 | _a9789582009083 | ||
| 035 | _aUPN01000173305 | ||
| 049 | _aCG | ||
| 050 | 4 |
_aLB1025.3 _bZ3.3 |
|
| 100 | 1 |
_aZambrano Leal, Armando, _d1963- |
|
| 245 | 1 | 0 |
_aFormación, experiencia y saber / _cArmando Zambrano Leal. |
| 260 |
_aBogotá : _bCooperativa Editorial Magisterio, _c2007. |
||
| 300 | _a271 p. | ||
| 440 | 0 | _aSeminarium | |
| 650 | 4 |
_aEducación _zColombia _97044 |
|
| 650 | 4 |
_aEnseñanza _96215 |
|
| 650 | 4 |
_aMaestros _xFormación profesional _zColombia _9773 |
|
| 905 | _aLibro | ||
| 999 |
_c145409 _d145409 |
||